The Dangerous doctrine: national security and U.S. foreign policy /

Guardado en:
Bibliografiske detaljer
Hovedforfatter: Landau, Saul
Autores Corporativos: Policy Alternatives for Caribbean and Central America, PACCA
Format: Texto
Udgivet: Washington: Westview Press
Tags: Tilføj Tag
Ingen Tags, Vær først til at tagge denne postø!

MARC

LEADER 00000 a a2200000 04500
001 25893
003
040
020 |a 0-8133-7506-1  
090 |a 174203  
100 |a Landau, Saul  
110 |a Policy Alternatives for Caribbean and Central America  
245 |a The Dangerous doctrine: national security and U.S. foreign policy /  |c Policy Alternatives for Caribbean and Central America  
260 |a Washington:   |b Westview Press  
300 |a 201 p  
710 |a PACCA  
999 |c 17019  |d 17019